书目信息 |
| 题名: |
体育五千年 上
|
|
| 作者: | 刘清黎 主编 | |
| 分册: | ||
| 出版信息: | 长春 吉林人民出版社 2000 |
|
| 页数: | 828页 | |
| 开本: | 20cm | |
| 丛书名: | ||
| 单 册: | ||
| 中图分类: | G811.9 | |
| 科图分类: | ||
| 主题词: | 体育运动史--世界 | |
| 电子资源: | ||
| ISBN: | 7-206-03539-6 | |
| 000 | 01368nam0 2200385 450 | |
| 000 | 01333nam0 2200373 450 | |
| 000 | 01296nam0 2200361 450 | |
| 000 | 01263nam0 2200349 450 | |
| 000 | 01226nam0 2200337 450 | |
| 000 | 01189nam0 2200325 450 | |
| 000 | 01152nam0 2200313 450 | |
| 000 | 01100nam0 2200301 450 | |
| 000 | 01063nam0 2200289 450 | |
| 000 | 01039nam0 2200301 450 | |
| 000 | 00985nam0 2200277 450 | |
| 000 | 00947nam0 2200265 450 | |
| 000 | 00880nam0 2200241 450 | |
| 001 | 0104000024 | |
| 005 | 20070525082000.30 | |
| 010 | @a7-206-03539-6@b精装@dCNY49.00 | |
| 100 | @a20060320d2000 em y0chiy0110 ea | |
| 101 | 0 | @achi |
| 102 | @aCN@b220000 | |
| 105 | @aa z 000yd | |
| 200 | 1 | @a体育五千年 上@Ati yu wu qian nian shang@f刘清黎等主编@Fliu qing li deng zhu bian |
| 210 | @a长春@c吉林人民出版社@d2000 | |
| 215 | @a828页@c图, 照片@d20cm | |
| 330 | @a本书讲述了体育运动的产生和奴隶社会几个文明古国早期的体育发展;体育竟赛项目在中世纪的萌芽;近代体育的蓄势待发和现当代体育的巨大发展。全书以著名的体育赛事、体育人物、体育发明、体育著作、体育艺术作品为内容。 | |
| 606 | 0 | @a体育运动史@y世界 |
| 690 | @aG811.9@v4 | |
| 701 | 0 | @a刘清黎@Aliu qing li@4主编 |
| 801 | 0 | @aCN@b北京荣雅伟业图书经销中心@c20070525 |
| 905 | @aBZT@dG811.9@e1-1 | |
| 906 | @dCNY98.00@n0@r1 | |
| 体育五千年 上/刘清黎等主编.-长春:吉林人民出版社,2000 |
| 828页:图, 照片;20cm |
| ISBN 7-206-03539-6(精装):CNY49.00 |
| 本书讲述了体育运动的产生和奴隶社会几个文明古国早期的体育发展;体育竟赛项目在中世纪的萌芽;近代体育的蓄势待发和现当代体育的巨大发展。全书以著名的体育赛事、体育人物、体育发明、体育著作、体育艺术作品为内容。 |
| ● |
| 相关链接 |
|
|
|
正题名:体育五千年 上
索取号:G811.9/1-1
 
预约/预借
| 序号 | 登录号 | 条形码 | 馆藏地/架位号 | 状态 | 备注 |
| 1 | 514751 | 230088414 | 中心书库北库/ 北库026架A面2列5层4/ [索取号:G811.9/1-1] | 在馆 | |
| 2 | 514752 | 230088412 | 中心书库北库/ 北库026架A面2列4层16/ [索取号:G811.9/1-1] | 在馆 | |
| 3 | 514753 | 230088413 | 中心书库北库/ 北库026架A面2列4层17/ [索取号:G811.9/1-1] | 在馆 | |
| 4 | 514754 | 230088415 | 中心书库北库/ 北库026架A面2列4层18/ [索取号:G811.9/1-1] | 在馆 | |
| 5 | 514755 | 230088416 | 中心书库北库/ 北库026架A面2列5层2/ [索取号:G811.9/1-1] | 在馆 | |
| 6 | 525703 | 230124166 | 中心书库北库/ 北库026架A面2列4层3/ [索取号:G811.9/1-1] | 在馆 | |
| 7 | 525704 | 230124165 | 中心书库北库/ 北库026架A面2列4层15/ [索取号:G811.9/1-1] | 在馆 | |
| 8 | 525705 | 230124164 | 中心书库北库/ 北库026架A面2列4层2/ [索取号:G811.9/1-1] | 在馆 | |
| 9 | 525706 | 230124163 | 中心书库北库/ 北库026架A面2列4层14/ [索取号:G811.9/1-1] | 在馆 | |
| 10 | 525707 | 230124167 | 中心书库北库/ 北库026架A面2列4层5/ [索取号:G811.9/1-1] | 在馆 | |
| 11 | 525708 | 230124170 | 中心书库北库/ 北库026架A面2列4层4/ [索取号:G811.9/1-1] | 在馆 | |
| 12 | 525709 | 230124169 | 中心书库北库/ 北库026架A面2列4层10/ [索取号:G811.9/1-1] | 在馆 | |
| 13 | 525710 | 230124168 | 中心书库北库/ 北库026架A面2列4层13/ [索取号:G811.9/1-1] | 在馆 | |
| 14 | 525711 | 230124172 | 中心书库北库/ 北库026架A面2列4层12/ [索取号:G811.9/1-1] | 在馆 | |
| 15 | 525712 | 230124171 | 中心书库北库/ 北库026架A面2列4层19/ [索取号:G811.9/1-1] | 在馆 |